[Event "4NCL/Div2c/SAMS vs. PPA2"]
[Site "Staverton Park ENG"]
[Date "2010.03.28"]
[Round "8.1"]
[White "Rendle, Thomas E"]
[Black "Winfridsson, Ola"]
[Result "1-0"]
[WhiteElo "2396"]
[BlackElo "2133"]
[PlyCount "67"]
[EventDate "2010.03.28"]
[SourceDate "2009.10.24"]

1. e4 c6 2. Nf3 d5 3. exd5 cxd5 4. Ne5 g6 5. d4 Bg7 6. c3 Nf6 7. Bd3 O-O 8. O-O
Nc6 9. Qe2 Nxe5 10. dxe5 Nd7 11. f4 Nc5 12. Bc2 b6 13. Rd1 Ba6 14. Qe3 e6 15.
Nd2 Qh4 16. Nf3 Qg4 17. b4 Nd7 18. Rd4 f6 19. f5 Qh5 20. Rh4 Qxh4 21. Nxh4 fxe5
22. Ba4 b5 23. Qe2 exf5 24. Bxb5 Bxb5 25. Qxb5 Nb6 26. a4 Rac8 27. a5 Nc4 28.
Qxd5+ Kh8 29. Bg5 e4 30. Be7 Ne3 31. Qd7 Rfe8 32. Bc5 Nc2 33. Rc1 Rcd8 34. Qa4
1-0

[Event "4NCL/Div2c/SAMS vs. PPA2"]
[Site "Staverton Park ENG"]
[Date "2010.03.28"]
[Round "8.2"]
[White "McEwan, Ken B"]
[Black "Roberson, Peter T"]
[Result "1/2-1/2"]
[WhiteElo "2142"]
[BlackElo "2256"]
[PlyCount "106"]
[EventDate "2010.03.28"]
[SourceDate "2009.10.24"]

1. e4 e6 2. d4 d5 3. Nd2 Be7 4. Ngf3 Nf6 5. exd5 exd5 6. Be2 O-O 7. O-O Bf5 8.
Re1 Nbd7 9. Nf1 Re8 10. Ng3 Bg6 11. Nh4 c6 12. Nxg6 hxg6 13. Bf3 Qc7 14. c3 Bd6
15. Be3 Re7 16. Qc2 Rae8 17. Bd2 Nf8 18. Rxe7 Rxe7 19. Re1 Ne6 20. Nf1 Qb8 21.
g3 Qe8 22. Qd1 Ng5 23. Rxe7 Nxf3+ 24. Qxf3 Qxe7 25. Bf4 Bxf4 26. Qxf4 Qe1 27.
Qd2 Qb1 28. a3 g5 29. Kg2 g4 30. Qe2 a6 31. Ne3 Qe4+ 32. Kg1 Qb1+ 33. Kg2 Qe4+
34. Kg1 g6 35. Qc2 Qf3 36. Qd1 Qe4 37. Qc2 Qxc2 38. Nxc2 Ne4 39. Ne1 Nd2 40.
Nd3 Nc4 41. Kf1 Kg7 42. Ke2 Kf6 43. a4 Kf5 44. b3 Nd6 45. Nc5 a5 46. Ke3 b5 47.
f3 bxa4 48. bxa4 Nc4+ 49. Kf2 Nb2 50. Nb3 Nxa4 51. Nxa5 c5 52. dxc5 Nxc5 53.
Nc6 gxf3 1/2-1/2

[Event "4NCL/Div2c/SAMS vs. PPA2"]
[Site "Staverton Park ENG"]
[Date "2010.03.28"]
[Round "8.3"]
[White "Williams, Samuel G"]
[Black "Kemp, Paul R"]
[Result "1-0"]
[WhiteElo "2198"]
[BlackElo "2109"]
[PlyCount "79"]
[EventDate "2010.03.28"]
[SourceDate "2009.10.24"]

1. d4 d5 2. c4 c6 3. Nf3 Nf6 4. Nc3 e6 5. Bg5 dxc4 6. e4 b5 7. e5 h6 8. Bh4 g5
9. Nxg5 hxg5 10. Bxg5 Be7 11. exf6 Bxf6 12. Be3 Bb7 13. Qf3 Bxd4 14. O-O-O
Bxe3+ 15. Qxe3 Qe7 16. Ne4 Na6 17. Qc3 e5 18. Nd6+ Kf8 19. f4 Rd8 20. fxe5 Rh6
21. Be2 Bc8 22. Bf3 Nc5 23. Nxc8 Rxc8 24. Qe3 Re6 25. Bg4 Nd3+ 26. Kb1 Qb4 27.
Rxd3 c3 28. Qe2 Rxe5 29. a3 c2+ 30. Ka1 Qc5 31. Qd2 Rce8 32. Rc3 Qe7 33. Rxc2
a5 34. Qxa5 Qg5 35. Bf3 Kg8 36. Rxc6 Re3 37. Rhc1 Qe5 38. R6c5 Qf4 39. Qxb5 Qf6
40. Ka2 1-0

[Event "4NCL/Div2c/SAMS vs. PPA2"]
[Site "Staverton Park ENG"]
[Date "2010.03.28"]
[Round "8.4"]
[White "Hutchinson, Norman A"]
[Black "Varnam, Liam D"]
[Result "0-1"]
[WhiteElo "2092"]
[BlackElo "2148"]
[PlyCount "98"]
[EventDate "2010.03.28"]
[SourceDate "2009.10.24"]

1. e4 e5 2. Nf3 Nc6 3. Bb5 a6 4. Ba4 Nf6 5. O-O Nxe4 6. d4 b5 7. Bb3 d5 8. dxe5
Be6 9. Nbd2 Nc5 10. c3 d4 11. Bxe6 Nxe6 12. cxd4 Ncxd4 13. Ne4 Be7 14. a4 O-O
15. axb5 axb5 16. Rxa8 Nxf3+ 17. Qxf3 Qxa8 18. Rd1 Rd8 19. Rxd8+ Qxd8 20. Nc3
Nd4 21. Qe4 b4 22. Nd1 Nb3 23. Qc2 Nxc1 24. Qxc1 Qd4 25. Ne3 Qxe5 26. g3 Bc5
27. Qd2 Qd4 28. Qe2 g6 29. Ng4 Bd6 30. Kg2 b3 31. h3 h5 32. Nh2 Be5 33. Nf3
Qxb2 34. Qxb2 Bxb2 35. Nd2 c5 36. Kf3 c4 37. Ke2 Bh8 38. Nxc4 b2 39. Na3 Kg7
40. Kd3 Kf6 41. Ke4 Ke6 42. Nb1 f5+ 43. Ke3 Kd5 44. Kd3 Bd4 45. Ke2 Kc4 46. f3
Kb3 47. Kd3 Bc5 48. g4 Bb4 49. gxf5 gxf5 0-1

[Event "4NCL/Div2c/SAMS vs. PPA2"]
[Site "Staverton Park ENG"]
[Date "2010.03.28"]
[Round "8.5"]
[White "Ruston, Mark R"]
[Black "Doci, Stefan"]
[Result "1/2-1/2"]
[WhiteElo "2099"]
[BlackElo "2071"]
[PlyCount "87"]
[EventDate "2010.03.28"]
[SourceDate "2009.10.24"]

1. e4 c5 2. Nc3 Nc6 3. g3 d6 4. Bg2 Nf6 5. d3 e6 6. f4 Be7 7. Nf3 Qc7 8. h3 a6
9. O-O b5 10. a4 b4 11. Ne2 O-O 12. g4 d5 13. g5 Nh5 14. Qe1 g6 15. Nh2 dxe4
16. dxe4 f5 17. gxf6 Nxf6 18. Be3 Bb7 19. c3 Na5 20. Ng3 Nc4 21. Bc1 Rad8 22.
Qe2 Na5 23. Be3 Nb3 24. Rad1 c4 25. Ng4 a5 26. Ne5 Ba6 27. h4 Bd6 28. Ng4 Bc5
29. Nxf6+ Rxf6 30. Rxd8+ Qxd8 31. e5 Rf7 32. Ne4 Bxe3+ 33. Qxe3 Qc7 34. Nf6+
Kh8 35. Rd1 Qc5 36. Rd8+ Kg7 37. Rg8+ Kh6 38. Qxc5 Nxc5 39. Kh2 bxc3 40. bxc3
Bb7 41. Kg3 Bxg2 42. Ng4+ Kh5 43. Nf6+ Kh6 44. Ng4+ 1/2-1/2

[Event "4NCL/Div2c/SAMS vs. PPA2"]
[Site "Staverton Park ENG"]
[Date "2010.03.28"]
[Round "8.6"]
[White "McCorry, Robert T"]
[Black "Edgell, Ben P"]
[Result "1/2-1/2"]
[WhiteElo "2061"]
[BlackElo "2100"]
[PlyCount "82"]
[EventDate "2010.03.28"]
[SourceDate "2009.10.24"]

1. d4 Nf6 2. c4 e6 3. Nf3 b6 4. a3 Bb7 5. Nc3 d5 6. cxd5 exd5 7. Bg5 Be7 8.
Qa4+ c6 9. Ne5 O-O 10. e3 Nfd7 11. Bxe7 Qxe7 12. Nxd7 Nxd7 13. Be2 a5 14. O-O
f5 15. g3 Nf6 16. Rac1 Ne4 17. Qc2 Rf6 18. Na4 b5 19. Nc5 Nxc5 20. Qxc5 Re6 21.
a4 Qxc5 22. Rxc5 b4 23. Bd3 g6 24. Re1 Kf7 25. f3 Ke7 26. Kf2 Kd6 27. e4 fxe4
28. fxe4 dxe4 29. Rxe4 Bc8 30. Ke3 Ra7 31. Bc4 Rxe4+ 32. Kxe4 Bf5+ 33. Kf4 h6
34. h4 Re7 35. Rxa5 Re4+ 36. Kf3 Rxd4 37. Bf7 Rd3+ 38. Kf4 Rd4+ 39. Kf3 Rd3+
40. Kf4 Rd4+ 41. Kf3 Rd3+ 1/2-1/2

[Event "4NCL/Div2c/SAMS vs. PPA2"]
[Site "Staverton Park ENG"]
[Date "2010.03.28"]
[Round "8.7"]
[White "Lutton, J Ezra"]
[Black "McMahon, Paul"]
[Result "1/2-1/2"]
[WhiteElo "2098"]
[BlackElo "2043"]
[PlyCount "88"]
[EventDate "2010.03.28"]
[SourceDate "2009.10.24"]

1. Nc3 d5 2. e4 d4 3. Nce2 e5 4. f4 Nc6 5. Nf3 Bd6 6. g3 Bg4 7. Bg2 Bxf3 8.
Bxf3 exf4 9. Nxf4 Bxf4 10. gxf4 Qh4+ 11. Ke2 Qxf4 12. d3 Qe5 13. Qg1 O-O-O 14.
Qg4+ f5 15. Qxf5+ Qxf5 16. exf5 Nge7 17. Bg4 Kb8 18. Bg5 Rde8 19. Kd2 Ne5 20.
Bh5 g6 21. Bf6 Rhf8 22. Bxe5 Nxf5 23. Bxg6 hxg6 24. Rae1 Nh4 25. Rhf1 Nf3+ 26.
Rxf3 Rxf3 27. Bxc7+ Kxc7 28. Rxe8 Kd7 29. Re4 Rf2+ 30. Re2 Rf6 31. Ke1 Kd6 32.
Re4 Kd5 33. Re7 Kc6 34. Ke2 a5 35. Ke1 b6 36. Re4 Kd5 37. Re2 b5 38. Rf2 Rc6
39. Kf1 b4 40. Kg2 a4 41. b3 a3 42. Re2 Rf6 43. Re8 Rc6 44. Re2 Rf6 1/2-1/2

[Event "4NCL/Div2c/SAMS vs. PPA2"]
[Site "Staverton Park ENG"]
[Date "2010.03.28"]
[Round "8.8"]
[White "Redman, David J"]
[Black "Sainbayar, Anuurai"]
[Result "1-0"]
[WhiteElo "1866"]
[BlackElo "1727"]
[PlyCount "59"]
[EventDate "2010.03.28"]
[SourceDate "2009.10.24"]

1. d4 Nf6 2. Nf3 d6 3. Nc3 d5 4. Bg5 Bg4 5. e3 Nbd7 6. Be2 g6 7. h3 Bf5 8. O-O
Bg7 9. Bd3 Bxd3 10. cxd3 O-O 11. e4 c6 12. Qe2 Nb6 13. e5 Ne8 14. Qe3 Nc7 15.
Bh6 Qd7 16. Nh4 Ne6 17. Bxg7 Nxg7 18. f4 f5 19. Qg3 Qe6 20. Nf3 Nh5 21. Qh4 h6
22. Kf2 Nd7 23. Ne2 Rf7 24. Rg1 Raf8 25. g4 fxg4 26. Rxg4 Qf5 27. e6 Rf6 28.
exd7 Qxd3 29. Qxh5 Kh7 30. Qe5 1-0

[Event "4NCL/Div2c/BARY vs. WWKS1"]
[Site "Staverton Park ENG"]
[Date "2010.03.28"]
[Round "8.1"]
[White "O'Toole, George E"]
[Black "Thomas, Nicholas"]
[Result "0-1"]
[WhiteElo "2150"]
[BlackElo "2291"]
[PlyCount "68"]
[EventDate "2010.03.28"]
[SourceDate "2009.10.24"]

1. e4 e6 2. d4 d5 3. e5 c5 4. c3 Nc6 5. Nf3 Qb6 6. Be2 cxd4 7. cxd4 Nh6 8. b3
Nf5 9. Bb2 Bb4+ 10. Kf1 Be7 11. Nc3 Qd8 12. a3 O-O 13. b4 f6 14. g4 Nh6 15. b5
Na5 16. exf6 Bxf6 17. Rg1 Nf7 18. Bd3 Ng5 19. Nxg5 Bxg5 20. Qc2 h6 21. Bc1 Bd7
22. Bxg5 Qxg5 23. Re1 Rac8 24. Rg3 Nc4 25. a4 Nd2+ 26. Kg2 Qf4 27. Re2 Nf3 28.
Nxd5 exd5 29. Qb3 Ne1+ 30. Kh3 Nxd3 31. Qxd5+ Kh8 32. Qxd7 Nxf2+ 33. Kg2 Nxg4
34. h3 Qf1# 0-1

[Event "4NCL/Div2c/BARY vs. WWKS1"]
[Site "Staverton Park ENG"]
[Date "2010.03.28"]
[Round "8.2"]
[White "Mason, Donald J"]
[Black "Ynojosa, Felix Jose"]
[Result "1/2-1/2"]
[WhiteElo "2223"]
[BlackElo "2165"]
[PlyCount "86"]
[EventDate "2010.03.28"]
[SourceDate "2009.10.24"]

1. d4 Nf6 2. Nf3 e6 3. c4 b6 4. g3 Bb7 5. Bg2 c5 6. d5 exd5 7. Nh4 g6 8. Nc3
Bg7 9. O-O O-O 10. Rb1 Ne4 11. Nxd5 Re8 12. Qd3 f5 13. Bf4 Na6 14. a3 Kh8 15.
Rfd1 Rc8 16. f3 Nf6 17. Nc3 Nh5 18. Be3 Qe7 19. Bf2 Rcd8 20. f4 Bxg2 21. Nxg2
Nf6 22. Ne3 Nb8 23. Ned5 Nxd5 24. cxd5 d6 25. Re1 Bxc3 26. bxc3 Nd7 27. g4 Nf6
28. Bh4 Qg7 29. c4 Rd7 30. Bxf6 Qxf6 31. g5 Qg7 32. e3 Rde7 33. Kf2 Re4 34. Re2
Qb7 35. h4 Kg8 36. h5 Qa6 37. Rc1 Qa4 38. h6 R8e7 39. Qc3 Qe8 40. Qd3 Qa4 41.
Rc3 Kf7 42. Qc2 Qe8 43. a4 a5 1/2-1/2

[Event "4NCL/Div2c/BARY vs. WWKS1"]
[Site "Staverton Park ENG"]
[Date "2010.03.28"]
[Round "8.3"]
[White "Sen, Subin"]
[Black "Hynes, AM (Tony)"]
[Result "1-0"]
[WhiteElo "2117"]
[BlackElo "2219"]
[PlyCount "79"]
[EventDate "2010.03.28"]
[SourceDate "2009.10.24"]

1. Nf3 Nf6 2. c4 g6 3. g3 Bg7 4. Bg2 O-O 5. O-O d6 6. d4 Nc6 7. Nc3 a6 8. Re1
Rb8 9. e4 e5 10. d5 Ne7 11. b4 Nd7 12. Rb1 h6 13. Ba3 f5 14. Nd2 Nf6 15. c5 f4
16. Nc4 g5 17. cxd6 cxd6 18. b5 fxg3 19. hxg3 Ne8 20. bxa6 Qc7 21. Qb3 bxa6 22.
Qxb8 Qxc4 23. Re3 Rf6 24. Rb4 Qc5 25. Ra4 Qc7 26. Qxc7 Nxc7 27. Rc4 Ne8 28. Na4
Bd7 29. Nb6 Bb5 30. Rc2 g4 31. Bf1 Bxf1 32. Kxf1 h5 33. Rb3 Ng6 34. Rc8 Kf7 35.
Nd7 Rf3 36. Rxf3+ gxf3 37. Rc3 Ke7 38. Nb6 Bh6 39. Rxf3 Nf6 40. Nc8+ 1-0

[Event "4NCL/Div2c/BARY vs. WWKS1"]
[Site "Staverton Park ENG"]
[Date "2010.03.28"]
[Round "8.4"]
[White "James, Russell A"]
[Black "Cumming, Rhys"]
[Result "0-1"]
[WhiteElo "2224"]
[BlackElo "1955"]
[PlyCount "70"]
[EventDate "2010.03.28"]
[SourceDate "2009.10.24"]

1. e4 c5 2. c3 d5 3. exd5 Qxd5 4. d4 e6 5. Nf3 Nf6 6. a3 Be7 7. Be3 cxd4 8.
cxd4 a6 9. Bd3 O-O 10. O-O Qd8 11. Nc3 b5 12. Qe2 Bb7 13. Rad1 Nbd7 14. Ne5 Rc8
15. f4 Nd5 16. Nxd5 Bxd5 17. f5 Nf6 18. Rf4 exf5 19. Bxf5 Be6 20. Rdf1 Nd5 21.
R4f3 Bxf5 22. Rxf5 Rc2 23. Qd3 Nxe3 24. Qxe3 Qd5 25. R5f2 Rxf2 26. Rxf2 Bf6 27.
Nf3 Rd8 28. Rd2 h6 29. g3 Kf8 30. Kg2 Bg5 31. Qd3 Bxd2 32. Qxd2 Qe4 33. Kf2 Rc8
34. Ne1 Rc4 35. d5 Qd4+ 0-1

[Event "4NCL/Div2c/BARY vs. WWKS1"]
[Site "Staverton Park ENG"]
[Date "2010.03.28"]
[Round "8.5"]
[White "Stewart, Ashley"]
[Black "Clarke, Brandon GI"]
[Result "1/2-1/2"]
[WhiteElo "2026"]
[BlackElo "2058"]
[PlyCount "139"]
[EventDate "2010.03.28"]
[SourceDate "2009.10.24"]

1. e4 e6 2. d4 d5 3. Nd2 Nc6 4. Ngf3 Nf6 5. e5 Nd7 6. b3 f6 7. Bb2 fxe5 8. dxe5
Bc5 9. Bd3 O-O 10. O-O Nb4 11. Be2 a5 12. a3 Nc6 13. c4 Nb6 14. Qc2 Be7 15. Bd3
h6 16. Rad1 Bd7 17. Rfe1 Qc8 18. c5 Nd8 19. cxb6 c5 20. a4 Nc6 21. Ra1 Nb4 22.
Qb1 Qd8 23. Nf1 Qxb6 24. Bh7+ Kh8 25. Ng3 Rac8 26. Nh5 Be8 27. Bg6 Bc6 28. Nxg7
Kxg7 29. Bh7 Be8 30. h4 Rh8 31. Bd3 Bh5 32. Qd1 Rhf8 33. Be2 Bg6 34. Rc1 Be4
35. h5 Rf4 36. g3 Rf7 37. Nd2 Rcf8 38. Nxe4 dxe4 39. Rf1 Bg5 40. Qd6 Nd5 41.
Qxb6 Nxb6 42. Rxc5 Rxf2 43. Rc7+ Kh8 44. Bd4 Rxf1+ 45. Bxf1 Nd5 46. Rxb7 Rf3
47. Rb8+ Kg7 48. Rb7+ Kg8 49. Rb8+ Kf7 50. Rb7+ Ke8 51. Bb5+ Kd8 52. Kg2 Rxb3
53. Bb6+ Nxb6 54. Rxb6 Rb2+ 55. Kf1 Rb1+ 56. Ke2 Rg1 57. Rd6+ Ke7 58. Kf2 Rh1
59. Kg2 Rc1 60. Rd7+ Kf8 61. Ra7 Rc2+ 62. Kf1 Bd8 63. Rh7 Bg5 64. Rh8+ Ke7 65.
Re8+ Kf7 66. Ra8 Bd2 67. Ra7+ Kf8 68. Ra8+ Ke7 69. Ra7+ Kf8 70. Ra8+ 1/2-1/2

[Event "4NCL/Div2c/BARY vs. WWKS1"]
[Site "Staverton Park ENG"]
[Date "2010.03.28"]
[Round "8.6"]
[White "Webster, Paul"]
[Black "Sanders, Isaac B"]
[Result "1-0"]
[WhiteElo "2106"]
[BlackElo "1922"]
[PlyCount "53"]
[EventDate "2010.03.28"]
[SourceDate "2009.10.24"]

1. d4 Nf6 2. Nf3 g6 3. Bf4 Bg7 4. e3 c5 5. c3 Qb6 6. Qc2 Nc6 7. Nbd2 d5 8. Ne5
Nh5 9. Nxc6 bxc6 10. Be5 f6 11. dxc5 Qxc5 12. Bd4 Qd6 13. Nb3 O-O 14. Bd3 f5
15. f4 Re8 16. Be2 e5 17. Bc5 Qc7 18. Bxh5 exf4 19. Be2 fxe3 20. O-O-O Bh6 21.
Rde1 f4 22. Kb1 Rb8 23. Bd3 a5 24. Bxg6 hxg6 25. Qxg6+ Qg7 26. Qxe8+ Kh7 27.
Qe7 1-0

[Event "4NCL/Div2c/BARY vs. WWKS1"]
[Site "Staverton Park ENG"]
[Date "2010.03.28"]
[Round "8.7"]
[White "Ynojosa, Angelica Maria"]
[Black "Baruch, Andrew JD"]
[Result "0-1"]
[WhiteElo "1753"]
[BlackElo "2089"]
[PlyCount "50"]
[EventDate "2010.03.28"]
[SourceDate "2009.10.24"]

1. e4 g6 2. d4 Bg7 3. Nf3 d6 4. Be2 Nf6 5. Nc3 O-O 6. O-O Bg4 7. h3 Bxf3 8.
Bxf3 Nc6 9. Be3 e5 10. d5 Ne7 11. Qd2 Nd7 12. Bh6 f5 13. Bxg7 Kxg7 14. Kh2 Nf6
15. exf5 Nxf5 16. g4 Nd4 17. Bg2 Nxg4+ 18. hxg4 Qh4+ 19. Kg1 Qxg4 20. Kh1 Nf3
21. Bxf3 Rxf3 22. Qe3 Raf8 23. Rae1 R8f5 24. Qxf3 Qxf3+ 25. Kg1 Rg5+ 0-1

[Event "4NCL/Div2c/AMCAD vs. E2E41"]
[Site "Staverton Park ENG"]
[Date "2010.03.28"]
[Round "8.1"]
[White "Webb, Richard M"]
[Black "Byron, Alan M"]
[Result "0-1"]
[WhiteElo "2260"]
[BlackElo "2194"]
[PlyCount "82"]
[EventDate "2010.03.28"]
[SourceDate "2009.10.24"]

1. e4 c6 2. d4 d5 3. Nc3 dxe4 4. Nxe4 Nd7 5. Bc4 Ngf6 6. Ng5 e6 7. Qe2 Nb6 8.
Bd3 h6 9. N5f3 c5 10. dxc5 Nbd7 11. b4 Nd5 12. Bd2 a5 13. c3 axb4 14. cxb4 Qf6
15. Rc1 Be7 16. Qe4 Rxa2 17. Ne2 Qb2 18. O-O N7f6 19. Qc4 Qa3 20. Nc3 Nxc3 21.
Bxc3 Nd5 22. Bb1 Rb2 23. Bxb2 Qxb2 24. Be4 O-O 25. Rb1 Qf6 26. Bxd5 exd5 27.
Qxd5 Bf5 28. Rbd1 Qg6 29. Rfe1 Rd8 30. Qe5 Rxd1 31. Rxd1 Bf6 32. Qf4 Bc2 33.
Re1 Ba4 34. Qb8+ Kh7 35. Qxb7 Bc6 36. Qc7 Bxf3 37. Qg3 Bc3 38. Rc1 Bb2 39.
Qxg6+ Kxg6 40. c6 Bxc1 41. c7 Bb7 0-1

[Event "4NCL/Div2c/AMCAD vs. E2E41"]
[Site "Staverton Park ENG"]
[Date "2010.03.28"]
[Round "8.2"]
[White "Hulmes, David I"]
[Black "Norman, Kenneth I"]
[Result "1-0"]
[WhiteElo "2227"]
[BlackElo "2174"]
[PlyCount "55"]
[EventDate "2010.03.28"]
[SourceDate "2009.10.24"]

1. e4 e5 2. Nf3 Nc6 3. Bb5 a6 4. Ba4 Nf6 5. O-O Be7 6. Re1 b5 7. Bb3 d6 8. c3
O-O 9. h3 Bb7 10. d4 Re8 11. Nbd2 Bf8 12. Bc2 h6 13. a4 exd4 14. cxd4 Nb4 15.
Bb1 c5 16. d5 Nd7 17. Ra3 f5 18. Nh2 Nf6 19. Rf3 fxe4 20. Nxe4 Nxe4 21. Bxe4
bxa4 22. Rg3 Kh8 23. Bd2 Qd7 24. Qh5 Re5 25. Qg6 Rxe4 26. Rxe4 Bxd5 27. Rh4 Bf7
28. Rxh6+ 1-0

[Event "4NCL/Div2c/AMCAD vs. E2E41"]
[Site "Staverton Park ENG"]
[Date "2010.03.28"]
[Round "8.3"]
[White "Richardson, Keith B"]
[Black "Talbot, Andrew R"]
[Result "1-0"]
[WhiteElo "2168"]
[BlackElo "2141"]
[PlyCount "99"]
[EventDate "2010.03.28"]
[SourceDate "2009.10.24"]

1. c4 d6 2. d4 Nf6 3. Nc3 g6 4. g3 Bg7 5. Bg2 O-O 6. Nf3 Nc6 7. O-O Rb8 8. Bg5
h6 9. Bd2 a6 10. Rc1 Bg4 11. d5 Na5 12. b3 c5 13. dxc6 Nxc6 14. h3 Bd7 15. Be3
b5 16. Nd5 Nxd5 17. cxd5 Nb4 18. Qd2 a5 19. a3 Na6 20. Bxh6 b4 21. Bxg7 Kxg7
22. a4 Nc5 23. Nd4 Qc8 24. h4 Qc7 25. e4 e5 26. dxe6 fxe6 27. Bh3 Qb6 28. Qe3
Rf7 29. e5 d5 30. h5 Ne4 31. hxg6 Kxg6 32. Kg2 Ng5 33. Bg4 Rc8 34. Rxc8 Bxc8
35. Rc1 Bd7 36. Rh1 Rh7 37. Rxh7 Nxh7 38. Nxe6 Qxe3 39. fxe3 Kf7 40. Nd8+ Ke7
41. Bxd7 Kxd7 42. Nb7 Kc7 43. Nd6 Ng5 44. Nb5+ Kd7 45. Nd4 Ke7 46. g4 Nf7 47.
e6 Ng5 48. Kg3 Kf6 49. Kh4 Ne4 50. g5+ 1-0

[Event "4NCL/Div2c/AMCAD vs. E2E41"]
[Site "Staverton Park ENG"]
[Date "2010.03.28"]
[Round "8.4"]
[White "Sugden, John N"]
[Black "Frostick, Clive A"]
[Result "1/2-1/2"]
[WhiteElo "2212"]
[BlackElo "2160"]
[PlyCount "47"]
[EventDate "2010.03.28"]
[SourceDate "2009.10.24"]

1. e4 c5 2. Nc3 e6 3. f4 d5 4. Bb5+ Bd7 5. Bxd7+ Qxd7 6. d3 Nf6 7. Nf3 dxe4 8.
dxe4 Qxd1+ 9. Kxd1 Nc6 10. e5 O-O-O+ 11. Bd2 Nd5 12. Nxd5 Rxd5 13. c4 Rd7 14.
Ke2 Nd4+ 15. Nxd4 Rxd4 16. b3 Be7 17. Be3 Rd7 18. Rad1 Rhd8 19. Rxd7 Kxd7 20.
Kf3 h5 21. Ke4 g6 22. g3 Kc6 23. h3 a6 24. a4 1/2-1/2

[Event "4NCL/Div2c/AMCAD vs. E2E41"]
[Site "Staverton Park ENG"]
[Date "2010.03.28"]
[Round "8.5"]
[White "Coates, Kenneth G"]
[Black "Jackson, James P"]
[Result "0-1"]
[WhiteElo "2220"]
[BlackElo "2102"]
[PlyCount "90"]
[EventDate "2010.03.28"]
[SourceDate "2009.10.24"]

1. e4 c5 2. c3 Nf6 3. e5 Nd5 4. Nf3 Nc6 5. Bc4 Nb6 6. Bb3 d5 7. d4 cxd4 8. cxd4
Bg4 9. Be3 e6 10. O-O Be7 11. Nbd2 Rc8 12. Qe2 Bh5 13. Rfc1 O-O 14. a3 Bg6 15.
h3 a6 16. Ba2 Qd7 17. Bf4 Na7 18. Nb3 Na4 19. Qd2 Rfe8 20. Bg5 Bf8 21. Nh4 Qb5
22. Nxg6 hxg6 23. Be3 b6 24. Rab1 a5 25. Rxc8 Rxc8 26. Rc1 Rc4 27. Rc2 Rxc2 28.
Qxc2 Qc4 29. Qd2 Qb5 30. Qc2 Nxb2 31. Qxb2 a4 32. Bc1 axb3 33. Bxb3 Nc6 34. Bc2
Qc4 35. Be3 Bxa3 36. Qxa3 Qxc2 37. Qa6 Kh7 38. Qb7 Qd1+ 39. Kh2 Nxd4 40. Qxf7
Ne2 41. f3 d4 42. Qd7 Qf1 43. Qd8 Qe1 44. Bxd4 Qg3+ 45. Kh1 Nf4 0-1

[Event "4NCL/Div2c/AMCAD vs. E2E41"]
[Site "Staverton Park ENG"]
[Date "2010.03.28"]
[Round "8.6"]
[White "Denton, John R"]
[Black "Purdon, Colin"]
[Result "1/2-1/2"]
[WhiteElo "2146"]
[BlackElo "2067"]
[PlyCount "116"]
[EventDate "2010.03.28"]
[SourceDate "2009.10.24"]

1. d4 d5 2. Nf3 Nf6 3. c4 c6 4. e3 e6 5. Nc3 Nbd7 6. Qc2 Bd6 7. b3 O-O 8. Bb2
Qe7 9. Be2 dxc4 10. bxc4 e5 11. O-O e4 12. Nd2 Re8 13. Rae1 Nf8 14. f3 Qc7 15.
f4 Qe7 16. Qd1 Ba3 17. Ba1 a6 18. Qb3 Bb4 19. a3 Ba5 20. Rd1 b5 21. d5 cxd5 22.
Nxd5 Nxd5 23. cxd5 Nd7 24. d6 Qxd6 25. Nxe4 Qe6 26. Qb2 f6 27. Bf3 Bb7 28. Rd6
Qe7 29. Qb3+ Kh8 30. Rxd7 Qxd7 31. Nxf6 Qe6 32. Qxe6 Rxe6 33. Bxb7 Rb8 34. Bd5
Rxf6 35. Bxf6 gxf6 36. Rd1 Bb6 37. Kf2 Bc5 38. Rd3 Rd8 39. Kf3 Kg7 40. g4 a5
41. e4 a4 42. Rc3 Bd6 43. h4 h6 44. Be6 Kf8 45. h5 Ke7 46. Bd5 Rd7 47. Ke3 Rc7
48. Rxc7+ Bxc7 49. Bc6 Bd6 50. Bxb5 Bxa3 51. Bxa4 Bc1+ 52. Kf3 Kd6 53. Bb3 Ke7
54. e5 fxe5 55. fxe5 Bd2 56. Ke4 Bc1 57. Kf5 Bd2 58. Kg6 Bc1 1/2-1/2

[Event "4NCL/Div2c/AMCAD vs. E2E41"]
[Site "Staverton Park ENG"]
[Date "2010.03.28"]
[Round "8.7"]
[White "Hart, David PO"]
[Black "Mansson, James C"]
[Result "0-1"]
[WhiteElo "2012"]
[BlackElo "2142"]
[PlyCount "124"]
[EventDate "2010.03.28"]
[SourceDate "2009.10.24"]

1. e4 c5 2. Nf3 d6 3. d4 cxd4 4. Nxd4 Nf6 5. Nc3 a6 6. Be3 e5 7. Nb3 Be6 8. f3
Be7 9. Qd2 O-O 10. g4 b5 11. O-O-O Nbd7 12. g5 b4 13. Ne2 Ne8 14. h4 a5 15. Kb1
a4 16. Nbc1 Qb8 17. Ng3 b3 18. cxb3 axb3 19. a3 Bd8 20. Nf5 d5 21. h5 d4 22.
Bg1 Qc7 23. f4 Rc8 24. Bd3 Nc5 25. Rh2 Qc6 26. Re1 Qa4 27. fxe5 Ba5 28. Qd1
Bxe1 29. Ne7+ Kh8 30. Nxc8 Bg3 31. Rg2 Bxe5 32. Ne7 Nd6 33. Bh2 Bxh2 34. Rxh2
Qd7 35. h6 g6 36. Nd5 Ncxe4 37. Bxe4 Nxe4 38. Qxd4+ f6 39. gxf6 Qxd5 40. Nxb3
Qxd4 41. Nxd4 Bd5 42. b4 Rxf6 43. Kb2 g5 44. Rc2 Rf8 45. b5 Nd6 46. a4 g4 47.
Rc5 Be4 48. Rg5 Rg8 49. Rxg8+ Kxg8 50. Ne2 Bd3 51. Ng1 Nxb5 52. axb5 Bxb5 53.
Kc3 Kf7 54. Kd4 Kf6 55. Ke4 Kg5 56. Ke3 Kxh6 57. Kf4 Kh5 58. Kg3 Kg5 59. Kg2
Kf4 60. Kf2 h5 61. Kg2 h4 62. Kh2 Bf1 0-1

[Event "4NCL/Div2c/AMCAD vs. E2E41"]
[Site "Staverton Park ENG"]
[Date "2010.03.28"]
[Round "8.8"]
[White "Norinkeviciute, Rasa"]
[Black "Holland, James P"]
[Result "1-0"]
[WhiteElo "2025"]
[BlackElo "1973"]
[PlyCount "79"]
[EventDate "2010.03.28"]
[SourceDate "2009.10.24"]

1. c4 e6 2. g3 d5 3. Bg2 Nf6 4. Nf3 Be7 5. O-O c5 6. d4 O-O 7. Qc2 cxd4 8. Nxd4
Nc6 9. Nxc6 bxc6 10. Rd1 Ba6 11. b3 Qc8 12. Bb2 Qb7 13. Nd2 Rac8 14. e4 Rfd8
15. Rac1 Qb8 16. Re1 d4 17. e5 d3 18. Qb1 Bb4 19. Rcd1 Nd7 20. Re3 Bc5 21. Rxd3
Nxe5 22. Rxd8+ Rxd8 23. Ne4 Rxd1+ 24. Qxd1 Bf8 25. Qh5 Ng6 26. Ng5 h6 27. Nxf7
Kxf7 28. Be4 Qd6 29. Qxg6+ Kg8 30. Qh7+ Kf7 31. Bg6+ Ke7 32. Bxg7 Bxg7 33.
Qxg7+ Kd8 34. Qxa7 c5 35. Be4 Bc8 36. Qa8 Qd7 37. Qa5+ Ke7 38. Qxc5+ Kf6 39.
Qf8+ Ke5 40. Qf4+ 1-0

[Event "4NCL/Div2c/KHE vs. CHED"]
[Site "Staverton Park ENG"]
[Date "2010.03.28"]
[Round "8.1"]
[White "McMichael, Richard J"]
[Black "Arkell, Keith C"]
[Result "0-1"]
[WhiteElo "2286"]
[BlackElo "2474"]
[PlyCount "102"]
[EventDate "2010.03.28"]
[SourceDate "2009.10.24"]

1. d4 Nf6 2. Nf3 e6 3. e3 c5 4. Bd3 d5 5. b3 Nc6 6. O-O Bd6 7. Bb2 O-O 8. Nbd2
cxd4 9. exd4 Qc7 10. c4 b6 11. Rc1 dxc4 12. Nxc4 Bf4 13. Ne3 Bb7 14. Ne5 Qd6
15. N5c4 Bxh2+ 16. Kh1 Qf4 17. d5 Qh6 18. Re1 Bf4+ 19. Kg1 Nxd5 20. Ng4 Qg5 21.
Nce3 h5 22. Nxd5 exd5 23. Nh2 Rfe8 24. Rc2 Ne5 25. Bxe5 Rxe5 26. Nf3 Rxe1+ 27.
Qxe1 Qf6 28. Re2 g6 29. Qb4 Rc8 30. Re1 a5 31. Qa4 Bd6 32. Qd7 Rc7 33. Qe8+ Kg7
34. Kf1 Re7 35. Rxe7 Qxe7 36. Qb5 Qc7 37. g3 Qc1+ 38. Kg2 Qc6 39. Nd4 Qxb5 40.
Bxb5 Bc5 41. Nc2 d4+ 42. Kf1 Be4 43. Ne1 Bb4 44. Nd3 g5 45. Ke2 h4 46. gxh4
gxh4 47. Bd7 Kf6 48. f3 Bf5 49. Bc6 h3 50. f4 h2 51. Bg2 Bd6 0-1

[Event "4NCL/Div2c/KHE vs. CHED"]
[Site "Staverton Park ENG"]
[Date "2010.03.28"]
[Round "8.2"]
[White "Gormally, Daniel W"]
[Black "Whiteley, Andrew J"]
[Result "1-0"]
[WhiteElo "2491"]
[BlackElo "2280"]
[PlyCount "81"]
[EventDate "2010.03.28"]
[SourceDate "2009.10.24"]

1. e4 e6 2. d4 d5 3. Nd2 Nf6 4. e5 Nfd7 5. Ngf3 c5 6. c3 Nc6 7. Bd3 cxd4 8.
cxd4 Nb6 9. O-O Bd7 10. Nb3 Nb4 11. Bb1 Ba4 12. a3 Nc6 13. Qd3 Nd7 14. Re1 Qb6
15. Nbd2 a5 16. b3 Bb5 17. Qe3 Be7 18. Bb2 O-O 19. h4 h6 20. Nf1 Qd8 21. Qf4
Bxf1 22. Kxf1 Qb6 23. Qe3 f5 24. exf6 Rxf6 25. Qd3 Qa6 26. Re2 Qxd3 27. Bxd3
Nf8 28. Re3 Bd8 29. g3 Bb6 30. Kg2 Rc8 31. Rc1 Nd7 32. Rce1 Rcf8 33. Bb5 g5 34.
hxg5 hxg5 35. R1e2 Rf5 36. Bd3 g4 37. Nh2 Rg5 38. Rxe6 Nxd4 39. Rxb6 Nxe2 40.
Rxb7 Rh5 41. Nxg4 1-0